[Event "World Blitz Women 2025"]
[Site "Doha QAT"]
[Date "2025.12.29"]
[Round "4.64"]
[White "Berikkyzy Alanna"]
[Black "Fawaz, Nadia"]
[Result "1-0"]
[WhiteTitle "WFM"]
[BlackTitle "WFM"]
[WhiteElo "2241"]
[BlackElo "1957"]
[WhiteFideId "13780719"]
[BlackFideId "5309743"]
[EventDate "2025.12.29"]

1. e4 c5 2. Nf3 e6 3. d4 cxd4 4. Nxd4 Nf6 5. Nc3 Nc6 6. Ndb5 Bb4 7. a3 Bxc3+ 8.
Nxc3 O-O 9. Bg5 h6 10. Bh4 a6 11. Be2 Ne5 12. O-O Ng6 13. Bg3 d5 14. exd5 exd5
15. Bf3 Be6 16. Qd2 Qb6 17. b4 Rad8 18. Na4 Qc6 19. Nc5 Ne4 20. Bxe4 dxe4 21.
Qe3 Bf5 22. Rac1 Rfe8 23. Nb3 Qc4 24. Na5 Qc8 25. h3 Ne7 26. Qb6 Rd7 27. c4 Bg6
28. b5 Nf5 29. Bf4 Re6 30. Nc6 bxc6 31. bxc6 Rxc6 32. Qb3 Nd4 33. Qb2 Rxc4 34.
Rxc4 Qxc4 35. Be3 Ne6 36. Rc1 Qb5 37. Qc2 Rc7 38. Qd2 Rxc1+ 39. Qxc1 Kh7 40. h4
h5 41. Qd2 Qd3 42. Qb2 Qd1+ 43. Kh2 Qg4 44. g3 Bf5 45. Qe5 Qd1 46. Qxf5+ g6 47.
Qxf7+ Ng7 48. Qf4 Qf3 49. Qc7 Qf8 50. Bd4 Kg8 51. Qc4+ Qf7 52. Qxa6 Ne6 53. Be3
Qf5 54. Qc8+ Kh7 55. Qd7+ Kg8 56. Qd2 Qa5 57. Qxa5 1-0

[Event "World Blitz Women 2025"]
[Site "Doha QAT"]
[Date "2025.12.29"]
[Round "4.65"]
[White "Abrar Mohammed Ahmad Almalki"]
[Black "Wafa, Shahenda"]
[Result "0-1"]
[BlackTitle "WGM"]
[WhiteElo "1826"]
[BlackElo "2074"]
[WhiteFideId "21543143"]
[BlackFideId "10609962"]
[EventDate "2025.12.29"]

1. e4 c5 2. Nf3 Nc6 3. d4 cxd4 4. Nxd4 Nf6 5. Nc3 e5 6. Nf5 d5 7. f3 Bxf5 8.
exf5 d4 9. Ne4 Nxe4 10. fxe4 Qh4+ 11. g3 Qxe4+ 12. Qe2 Qxh1 13. Bf4 Qd5 14.
O-O-O O-O-O 15. Be3 Qxa2 16. c3 dxe3 17. Rxd8+ Nxd8 18. Qxe3 Bd6 19. Bd3 Nc6 20.
Be4 Qa1+ 21. Kc2 Qa4+ 22. Kc1 Rd8 23. Bc2 Qa1+ 24. Bb1 f6 25. g4 Bc7 26. h4 Bb6
27. Qe4 Qa6 28. Bc2 Qf1+ 0-1

[Event "World Blitz Women 2025"]
[Site "Doha QAT"]
[Date "2025.12.29"]
[Round "4.66"]
[White "Echcharbiny, Wissal"]
[Black "Lesbekova, Assel"]
[Result "0-1"]
[BlackTitle "WCM"]
[WhiteElo "1726"]
[BlackElo "1948"]
[WhiteFideId "9014853"]
[BlackFideId "13713248"]
[EventDate "2025.12.29"]

1. d4 f5 2. e3 d6 3. Bd3 Nf6 4. Nd2 g6 5. f4 Bg7 6. Ngf3 Nc6 7. c3 Ng4 8. Qe2 e5
9. fxe5 dxe5 10. Bc2 e4 11. Ng1 Bd7 12. Nf1 Qe7 13. Bd2 O-O-O 14. O-O-O Be6 15.
Kb1 Qf7 16. a3 Bc4 17. Qe1 Na5 18. h3 Nf6 19. Bc1 Bf8 20. Nd2 Ba2+ 21. Ka1 Be6
22. Qe2 a6 23. b4 Nc4 24. Bb3 Nxd2 25. Bxe6+ Qxe6 26. Rxd2 Qb3 27. Bb2 Nd5 28.
Rc2 Nb6 29. Rc1 Nc4 30. Qc2 Qxc2 31. Rxc2 Nxe3 32. Re2 Nc4 33. h4 h5 34. Nh3 Bh6
35. Ng5 Bxg5 36. hxg5 c6 37. Kb1 Kd7 38. Kc2 Ke6 39. Bc1 Kd5 40. Rhe1 Rde8 41.
Rh1 f4 42. Rf1 Rhf8 43. Rxf4 Rxf4 44. Bxf4 Nxa3+ 45. Kb3 Nc4 46. Bc1 Rf8 47. Kc2
Rf1 48. g3 b5 49. Bf4 h4 50. Rg2 e3 51. Rh2 Rf2+ 0-1

[Event "World Blitz Women 2025"]
[Site "Doha QAT"]
[Date "2025.12.29"]
[Round "4.67"]
[White "Zvereva, Marija"]
[Black "Al-Khulaifi, Ghada"]
[Result "1-0"]
[WhiteTitle "WIM"]
[BlackTitle "WCM"]
[WhiteElo "2007"]
[BlackElo "1630"]
[WhiteFideId "4121082"]
[BlackFideId "12100633"]
[EventDate "2025.12.29"]

1. f4 Nf6 2. Nf3 g6 3. g3 Bg7 4. Bg2 O-O 5. O-O d6 6. d3 Nc6 7. e4 e5 8. Nc3 Bg4
9. h3 Bxf3 10. Qxf3 Nd4 11. Qf2 exf4 12. Qxd4 1-0

[Event "World Blitz Women 2025"]
[Site "Doha QAT"]
[Date "2025.12.29"]
[Round "4.68"]
[White "Alsemairi, Dalia"]
[Black "Mikheeva, Galina"]
[Result "0-1"]
[WhiteTitle "WCM"]
[BlackTitle "FM"]
[WhiteElo "1802"]
[BlackElo "2122"]
[WhiteFideId "21511217"]
[BlackFideId "44108320"]
[EventDate "2025.12.29"]

1. e4 e5 2. Nf3 Nc6 3. Bc4 d6 4. c3 f5 5. exf5 Bxf5 6. d4 e4 7. Ng5 d5 8. Bb3
Nf6 9. Nd2 Qd7 10. h3 h6 11. g4 Bg6 12. Ngf3 exf3 13. Qxf3 O-O-O 14. O-O Ne4 15.
a4 Nxd2 16. Bxd2 Be4 17. Qd1 h5 18. f3 Bd3 19. Bg5 Bxf1 20. Bxd8 Bxh3 21. Bg5
hxg4 22. f4 g3 23. Qe2 Bf5 24. Qf3 Be4 25. Qxg3 Rh1+ 26. Kf2 Rxa1 0-1

[Event "World Blitz Women 2025"]
[Site "Doha QAT"]
[Date "2025.12.29"]
[Round "4.69"]
[White "Khalil, Manar"]
[Black "Alotaibi, Maitha Abdulrahman A"]
[Result "1-0"]
[WhiteTitle "WFM"]
[WhiteElo "1925"]
[BlackElo "1600"]
[WhiteFideId "7604661"]
[BlackFideId "21524009"]
[EventDate "2025.12.29"]

1. e4 c5 2. Nf3 Nc6 3. d4 cxd4 4. Nxd4 e5 5. Nb5 d6 6. N1c3 Nf6 7. Bg5 Be6 8.
Bxf6 gxf6 9. Nd5 Bxd5 10. Qxd5 a6 11. Nc3 Be7 12. Bc4 Rf8 13. Qd2 Nd4 14. Nd5 b5
15. Bd3 Rc8 16. c3 Nc6 17. O-O Na5 18. a4 Nc4 19. Qe2 Rc5 20. axb5 axb5 21. b4
Rxd5 22. exd5 Qd7 23. Bxc4 bxc4 24. Ra8+ Bd8 25. Qxc4 Rg8 26. Qc6 Qxc6 27. dxc6
Ke7 28. c7 Bxc7 29. Rxg8 1-0

[Event "World Blitz Women 2025"]
[Site "Doha QAT"]
[Date "2025.12.29"]
[Round "4.70"]
[White "Lau, Chloe Hailey"]
[Black "Skaslien, Ingrid"]
[Result "0-1"]
[WhiteElo "1562"]
[BlackElo "2029"]
[WhiteFideId "6012469"]
[BlackFideId "1520660"]
[EventDate "2025.12.29"]

1. e4 e5 2. Nf3 Nc6 3. d4 exd4 4. Bc4 Nf6 5. e5 d5 6. Bb5 Ne4 7. Nxd4 Bd7 8.
Bxc6 bxc6 9. O-O Be7 10. f3 Ng5 11. f4 Ne6 12. Nf3 Nc5 13. Be3 Rb8 14. b3 Bf5
15. Nc3 Ne6 16. Ne2 h5 17. Ng3 Bg4 18. h3 h4 19. Ne2 Bh5 20. Bxa7 Ra8 21. Bf2 c5
22. Nc3 c6 23. Na4 d4 24. Qd3 Nxf4 25. Qe4 Nd5 26. Rad1 Bg6 27. Qe2 Qd7 28. Qd2
Qf5 29. c4 Nf4 30. Rfe1 Nxh3+ 31. gxh3 Qxf3 32. e6 O-O 33. exf7+ Rxf7 34. Nb6
Raf8 35. Rf1 Qxh3 36. Nd7 Qg4+ 37. Kh1 Be4+ 0-1

[Event "World Blitz Women 2025"]
[Site "Doha QAT"]
[Date "2025.12.29"]
[Round "5.1"]
[White "Omonova, Umida"]
[Black "Lagno, Kateryna"]
[Result "1-0"]
[WhiteTitle "WIM"]
[BlackTitle "GM"]
[WhiteElo "2294"]
[BlackElo "2508"]
[WhiteFideId "14210363"]
[BlackFideId "14109336"]
[EventDate "2025.12.29"]

1. e4 e5 2. Nf3 Nc6 3. Bc4 Nf6 4. d3 Be7 5. O-O O-O 6. Re1 d6 7. a4 Be6 8. Nbd2
Bxc4 9. Nxc4 a5 10. h3 Re8 11. Bd2 h6 12. Ne3 Bf8 13. Nf5 Kh7 14. c3 d5 15. Qb3
Qd7 16. Rad1 g6 17. Ne3 d4 18. Nd5 Bg7 19. Nxf6+ Bxf6 20. cxd4 Nxd4 21. Nxd4
exd4 22. Rc1 c6 23. Rc5 Re5 24. Rec1 Qe7 25. Rxe5 Bxe5 26. Qc4 Qf6 27. Qc5 Bd6
28. Qb6 c5 29. f4 Ra6 30. Qxb7 Bxf4 31. Bxf4 Qxf4 32. Rf1 Qe3+ 33. Kh1 1-0

[Event "World Blitz Women 2025"]
[Site "Doha QAT"]
[Date "2025.12.29"]
[Round "5.2"]
[White "Nurgaliyeva, Zarina"]
[Black "Yip, Carissa"]
[Result "0-1"]
[WhiteTitle "WIM"]
[BlackTitle "IM"]
[WhiteElo "2305"]
[BlackElo "2459"]
[WhiteFideId "13730096"]
[BlackFideId "2090732"]
[EventDate "2025.12.29"]

1. e4 g6 2. d4 Bg7 3. Nf3 d6 4. Bc4 Nf6 5. Qe2 Nc6 6. O-O Bg4 7. c3 e5 8. Rd1
Qe7 9. d5 Nb8 10. Bd3 O-O 11. c4 a5 12. Nc3 Na6 13. b3 Nh5 14. h3 Bd7 15. a3 Nc5
16. Bc2 f5 17. Rb1 Nf4 18. Bxf4 exf4 19. Nd4 Rae8 20. exf5 Qxe2 21. Ncxe2 f3 22.
gxf3 gxf5 23. f4 Kh8 24. Kf1 Re7 25. Ng3 Ne4 26. Bxe4 fxe4 27. Nde2 Bxh3+ 28.
Kg1 e3 29. fxe3 Rxe3 30. Kf2 Re7 31. b4 a4 32. c5 Bg4 33. Rh1 Rfe8 34. Rbe1 Bb2
35. Rh4 Bxe2 36. Rxe2 Rxe2+ 37. Nxe2 dxc5 38. bxc5 Bxa3 39. c6 Bc5+ 40. Kf1 a3
41. Nc3 b5 42. f5 b4 43. Na2 b3 44. Rh2 bxa2 45. Rxa2 Re5 0-1

[Event "World Blitz Women 2025"]
[Site "Doha QAT"]
[Date "2025.12.29"]
[Round "5.3"]
[White "Berend, Elvira"]
[Black "Goryachkina, Aleksandra"]
[Result "0-1"]
[WhiteTitle "WGM"]
[BlackTitle "GM"]
[WhiteElo "2265"]
[BlackElo "2534"]
[WhiteFideId "4000510"]
[BlackFideId "4147103"]
[EventDate "2025.12.29"]

1. e4 e5 2. Nf3 Nc6 3. Bc4 Nf6 4. d3 Bc5 5. O-O O-O 6. a3 d6 7. h3 Be6 8. Nc3
Bxc4 9. dxc4 h6 10. Re1 Nd4 11. Be3 Ne6 12. Bxc5 Nxc5 13. Qe2 Ne6 14. Rad1 Qc8
15. Kh2 Nf4 16. Qe3 b6 17. Nd5 N6xd5 18. cxd5 f5 19. exf5 Qxf5 20. c4 Rf7 21.
Ng1 Raf8 22. Qe4 Qg5 23. Re3 Nh5 24. Nf3 Qd8 25. Rd2 Rf4 26. Qg6 Nf6 27. b3 Nh7
28. Rc2 R8f6 29. Qd3 Qf8 30. Qe2 Qf7 31. Kg1 Nf8 32. b4 Ng6 33. Rcc3 Ne7 34. g3
R4f5 35. Nh4 Rxf2 36. Qg4 Rf1+ 37. Kh2 R6f2+ 38. Ng2 Rxg2+ 0-1

[Event "World Blitz Women 2025"]
[Site "Doha QAT"]
[Date "2025.12.29"]
[Round "5.4"]
[White "Shukhman, Anna"]
[Black "Shuvalova, Polina"]
[Result "1-0"]
[WhiteTitle "WGM"]
[BlackTitle "IM"]
[WhiteElo "2431"]
[BlackElo "2502"]
[WhiteFideId "54180058"]
[BlackFideId "24171760"]
[EventDate "2025.12.29"]

1. e4 e5 2. Nc3 Nf6 3. f4 d5 4. fxe5 Nxe4 5. Nf3 c5 6. Bb5+ Nc6 7. O-O Nxc3 8.
bxc3 Be7 9. d4 Be6 10. Qe1 Qb6 11. Bxc6+ Qxc6 12. Qg3 h6 13. dxc5 Bxc5+ 14. Nd4
Bxd4+ 15. cxd4 O-O-O 16. Ba3 b6 17. Be7 Rde8 18. Bd6 Qa4 19. c4 Kb7 20. Rac1 Rc8
21. Qxg7 Rhg8 22. Rxf7+ Bxf7 23. Qxf7+ Ka6 24. Qxd5 Qxa2 25. Qb5+ Kb7 26. Qd5+
Ka6 27. Rf1 Rg7 28. Qb5+ Kb7 29. Qd5+ Ka6 30. e6 Rxc4 31. e7 Qe2 32. e8=Q Qxe8
33. Qxc4+ Kb7 34. Qd5+ Qc6 35. Rf7+ Rxf7 36. Qxf7+ Ka6 37. Qa2+ Kb7 38. Be5 a5
39. h3 Ka6 40. Qe2+ b5 41. Qd3 Qd5 42. Qg6+ Kb7 43. Qg7+ Ka6 44. Qxh6+ Kb7 45.
Qg7+ Ka6 46. Qf6+ Kb7 47. Qf3 Kc6 48. Qc3+ Kb6 49. Qc7+ Ka6 50. Qc8+ Kb6 51.
Bc7+ Kc6 52. Bd8+ Kd6 53. Qc7+ Ke6 54. Qe7+ Kf5 55. Qf6+ Ke4 56. Qf3+ Kxd4 57.
Qxd5+ Kxd5 58. Bxa5 1-0

[Event "World Blitz Women 2025"]
[Site "Doha QAT"]
[Date "2025.12.29"]
[Round "5.5"]
[White "Divya, Deshmukh"]
[Black "Muzychuk, Mariya"]
[Result "1/2-1/2"]
[WhiteTitle "GM"]
[BlackTitle "GM"]
[WhiteElo "2497"]
[BlackElo "2475"]
[WhiteFideId "35006916"]
[BlackFideId "14114550"]
[EventDate "2025.12.29"]

1. e4 c5 2. Nc3 e6 3. d4 cxd4 4. Qxd4 Nc6 5. Qe3 Nf6 6. b3 Bb4 7. Bb2 d5 8.
O-O-O d4 9. Qe2 O-O 10. e5 Nd7 11. Nb5 Qg5+ 12. Kb1 Qxe5 13. Qxe5 Ndxe5 14. Nxd4
Nxd4 15. Bxd4 Rd8 16. Be2 Nc6 17. Bb2 Rxd1+ 18. Bxd1 Bc5 19. f4 Bd7 20. Bf3 Rd8
21. Ne2 Be8 22. Nc3 b6 23. Ne4 Bd4 24. Rd1 Bxb2 25. Rxd8 Nxd8 26. Kxb2 Bc6 27.
Kc3 Kf8 28. Kd4 Ke7 29. c4 Nb7 30. b4 a5 31. bxa5 Nxa5 32. Nd2 Bxf3 33. Nxf3
Nc6+ 34. Kc3 f6 35. Nd2 h6 36. c5 bxc5 37. Kc4 Kd6 38. Ne4+ 1/2-1/2

[Event "World Blitz Women 2025"]
[Site "Doha QAT"]
[Date "2025.12.29"]
[Round "5.6"]
[White "Bodnaruk, Anastasia"]
[Black "Tan, Zhongyi"]
[Result "1/2-1/2"]
[WhiteTitle "IM"]
[BlackTitle "GM"]
[WhiteElo "2357"]
[BlackElo "2524"]
[WhiteFideId "4181751"]
[BlackFideId "8603642"]
[EventDate "2025.12.29"]

1. e4 e5 2. Nf3 Nc6 3. Bb5 a6 4. Ba4 Nf6 5. O-O Be7 6. Bxc6 dxc6 7. Re1 Qd6 8.
b3 Bg4 9. h3 Bh5 10. Bb2 Nd7 11. d3 O-O-O 12. Nbd2 f6 13. Nc4 Qe6 14. Ne3 Nc5
15. Qe2 Qf7 16. Ng4 Ne6 17. g3 Bxg4 18. hxg4 h5 19. Nh4 Kb8 20. Kg2 g6 21. Rh1
Rdg8 22. a3 c5 23. Rag1 Nd4 24. Bxd4 cxd4 25. b4 Qe6 26. gxh5 Rxh5 27. Qf3 Qf7
28. Rc1 Rgh8 29. Rhg1 f5 30. exf5 Bxh4 31. gxh4 gxf5 32. Rce1 Rxh4 33. Kf1 Rh3
34. Qg2 Rh2 35. Qg3 f4 36. Qg6 Qd5 37. Qe4 Qxe4 38. Rxe4 R8h5 39. Ke2 Ka7 40.
Rg7 c6 41. Re7 Rh1 42. R7xe5 Rxe5 43. Rxe5 Rc1 44. Kd2 Rf1 45. Ke2 Rc1 46. Kd2
Rf1 47. Ke2 Rc1 1/2-1/2

[Event "World Blitz Women 2025"]
[Site "Doha QAT"]
[Date "2025.12.29"]
[Round "5.7"]
[White "Buksa, Nataliya"]
[Black "Koneru, Humpy"]
[Result "1-0"]
[WhiteTitle "IM"]
[BlackTitle "GM"]
[WhiteElo "2397"]
[BlackElo "2535"]
[WhiteFideId "14123622"]
[BlackFideId "5008123"]
[EventDate "2025.12.29"]

1. d4 f5 2. c4 Nf6 3. Nf3 e6 4. g3 d5 5. Qc2 Be7 6. Bg2 Ne4 7. b3 Nc6 8. O-O h5
9. Rd1 h4 10. Bb2 hxg3 11. hxg3 Bf6 12. Nbd2 Bd7 13. Ne5 Bxe5 14. dxe5 Qe7 15.
Nxe4 dxe4 16. a3 O-O-O 17. b4 e3 18. b5 exf2+ 19. Kf1 Nb8 20. a4 Qg5 21. Qb3 Rh2
22. Qf3 c6 1-0

[Event "World Blitz Women 2025"]
[Site "Doha QAT"]
[Date "2025.12.29"]
[Round "5.8"]
[White "Assaubayeva, Bibisara"]
[Black "Shvedova, Alexandra"]
[Result "1-0"]
[WhiteTitle "GM"]
[BlackTitle "WIM"]
[WhiteElo "2497"]
[BlackElo "2255"]
[WhiteFideId "13708694"]
[BlackFideId "54154782"]
[EventDate "2025.12.29"]

1. Nf3 Nf6 2. c4 e6 3. g3 d5 4. Bg2 dxc4 5. Qa4+ Nbd7 6. Qxc4 a6 7. Qc2 c5 8.
O-O b5 9. a4 Bb7 10. Na3 Be7 11. d4 Be4 12. Qd1 O-O 13. Be3 b4 14. Nc4 Rc8 15.
Rc1 Nb6 16. dxc5 Nbd5 17. Nb6 Nxe3 18. Qxd8 Rcxd8 19. fxe3 Nd7 20. Nxd7 Rxd7 21.
Ne5 Bxg2 22. Nxd7 Bxf1 23. Nxf8 Bxe2 24. c6 Bd6 25. Nd7 Bc7 26. Kf2 Bd3 27. Nc5
Bf5 28. Nxa6 1-0

[Event "World Blitz Women 2025"]
[Site "Doha QAT"]
[Date "2025.12.29"]
[Round "5.9"]
[White "Zhu, Jiner"]
[Black "Batsiashvili, Nino"]
[Result "1-0"]
[WhiteTitle "GM"]
[BlackTitle "GM"]
[WhiteElo "2579"]
[BlackElo "2462"]
[WhiteFideId "8608059"]
[BlackFideId "13602993"]
[EventDate "2025.12.29"]

1. d4 d5 2. c4 e6 3. Nc3 Be7 4. Nf3 Nf6 5. Bf4 c5 6. dxc5 Bxc5 7. e3 Nc6 8. a3
O-O 9. cxd5 exd5 10. Bd3 Be6 11. O-O a6 12. Rc1 Ba7 13. h3 Qe7 14. Ne2 Rac8 15.
Bb1 Ne4 16. Nfd4 Na5 17. Nxe6 Qxe6 18. Rxc8 Rxc8 19. Nd4 Qf6 20. Qg4 Bxd4 21.
Qxc8+ 1-0

[Event "World Blitz Women 2025"]
[Site "Doha QAT"]
[Date "2025.12.29"]
[Round "5.10"]
[White "Savitha, Shri B"]
[Black "Garifullina, Leya"]
[Result "0-1"]
[WhiteTitle "IM"]
[BlackTitle "IM"]
[WhiteElo "2334"]
[BlackElo "2454"]
[WhiteFideId "35061887"]
[BlackFideId "34127035"]
[EventDate "2025.12.29"]

1. e4 c5 2. Nf3 d6 3. d4 cxd4 4. Nxd4 Nf6 5. Nc3 a6 6. Be3 e5 7. Nb3 Be6 8. h3
Be7 9. Qf3 b5 10. g4 b4 11. Nd5 Nxd5 12. exd5 Bc8 13. O-O-O Nd7 14. Bd3 a5 15.
Nd2 a4 16. Kb1 Qc7 17. Ne4 Bb7 18. c4 bxc3 19. Nxc3 a3 20. Nb5 Qa5 21. Bd2 Qb6
22. Be3 Qa5 23. Bd2 Qd8 24. Nxa3 Rxa3 25. bxa3 Nc5 26. Bb4 Nxd3 27. Qxd3 O-O 28.
h4 f5 29. gxf5 Bc8 30. Ka1 Bxf5 31. Qc4 Qb8 32. Rhg1 Rc8 33. Qb3 Bf6 34. Bc3
Qxb3 35. axb3 Rxc3 36. Ka2 Rc2+ 37. Ka1 e4+ 38. Kb1 e3 39. fxe3 Re2+ 0-1

[Event "World Blitz Women 2025"]
[Site "Doha QAT"]
[Date "2025.12.29"]
[Round "5.11"]
[White "Jiang, Tianyu"]
[Black "Danielian, Elina"]
[Result "0-1"]
[BlackTitle "GM"]
[WhiteElo "2224"]
[BlackElo "2408"]
[WhiteFideId "8627215"]
[BlackFideId "13300210"]
[EventDate "2025.12.29"]

1. Nc3 d5 2. e4 dxe4 3. Nxe4 Nd7 4. Bc4 e6 5. d4 Ngf6 6. Nxf6+ Nxf6 7. Nf3 a6 8.
Qe2 Be7 9. Bf4 b5 10. Bd3 O-O 11. h4 Bb7 12. O-O-O Qd5 13. Kb1 c5 14. dxc5 Qxc5
15. Ng5 Rfd8 16. Be5 h6 17. f4 Qc6 18. Bxf6 Bxf6 19. Bh7+ Kf8 20. Be4 Qc7 21.
Nh7+ Ke7 22. Nxf6 gxf6 23. Bd3 Rg8 24. Rhg1 Rg3 25. f5 Qe5 26. Qh5 Rag8 0-1

[Event "World Blitz Women 2025"]
[Site "Doha QAT"]
[Date "2025.12.29"]
[Round "5.12"]
[White "Stefanova, Antoaneta"]
[Black "Rudzinska, Michalina"]
[Result "1-0"]
[WhiteTitle "GM"]
[BlackTitle "WGM"]
[WhiteElo "2391"]
[BlackElo "2206"]
[WhiteFideId "2902257"]
[BlackFideId "1172883"]
[EventDate "2025.12.29"]

1. Nf3 d5 2. g3 Nf6 3. Bg2 e6 4. O-O Be7 5. d3 O-O 6. Nbd2 c5 7. a4 Nc6 8. e4 a6
9. Re1 Rb8 10. c3 b5 11. axb5 axb5 12. e5 Nd7 13. Nf1 b4 14. h4 bxc3 15. bxc3 d4
16. c4 Nb4 17. Bg5 Bb7 18. Bxe7 Qxe7 19. N1h2 Ra8 20. Qd2 Rxa1 21. Rxa1 Ra8 22.
Rxa8+ Bxa8 23. h5 h6 24. Ng4 Qd8 25. Ne1 Bxg2 26. Kxg2 Qa8+ 27. Kh2 Qa1 28. f4
Qc3 29. Qe2 Nb6 30. Nf2 Na4 31. Qe4 Qd2 32. Kg2 Nc3 33. Qa8+ Kh7 34. Nf3 Qe2 35.
Ng1 Qxh5 36. g4 Qg6 37. Qf3 Nc2 38. Kh2 Ne1 39. Qh3 Nc2 40. Nf3 f6 41. f5 exf5
42. gxf5 Qf7 43. e6 Qe7 44. Qg3 Ne2 45. Qb8 Nb4 46. Nh4 Nc1 47. Ng6 1-0

[Event "World Blitz Women 2025"]
[Site "Doha QAT"]
[Date "2025.12.29"]
[Round "5.13"]
[White "Francisco Guecamburu, Candela Be"]
[Black "Zhapova, Yana"]
[Result "1-0"]
[WhiteTitle "WGM"]
[BlackTitle "FM"]
[WhiteElo "2238"]
[BlackElo "2260"]
[WhiteFideId "160911"]
[BlackFideId "24278670"]
[EventDate "2025.12.29"]

1. e4 e5 2. Nf3 Nc6 3. Bc4 Nf6 4. d4 exd4 5. e5 d5 6. Bb5 Ne4 7. Nxd4 Bd7 8.
Bxc6 bxc6 9. O-O Be7 10. f3 Nc5 11. f4 Ne4 12. Nc3 O-O 13. Nxe4 dxe4 14. Be3 c5
15. Nb3 c4 16. Nd2 f6 17. Nxe4 fxe5 18. Qd5+ Kh8 19. Rad1 exf4 20. Bxf4 Bg4 21.
Qxd8 Bxd8 22. Rde1 c6 23. h3 Bh5 24. Nd6 Bb6+ 25. Be3 Rxf1+ 26. Kxf1 Rf8+ 27.
Kg1 Bf7 28. Bxb6 axb6 29. Nxf7+ 1-0

[Event "World Blitz Women 2025"]
[Site "Doha QAT"]
[Date "2025.12.29"]
[Round "5.14"]
[White "Yakimova, Mariya"]
[Black "Wang, Chuqiao"]
[Result "1/2-1/2"]
[WhiteTitle "WFM"]
[BlackTitle "WIM"]
[WhiteElo "2241"]
[BlackElo "2235"]
[WhiteFideId "34188859"]
[BlackFideId "8631638"]
[EventDate "2025.12.29"]

1. d4 e6 2. Bf4 Nf6 3. Nf3 Be7 4. h3 b6 5. e3 Bb7 6. Bd3 d5 7. Nbd2 Nbd7 8. O-O
O-O 9. c3 c5 10. Ne5 Nxe5 11. dxe5 Ne4 12. Nf3 f5 13. c4 Ng5 14. Nxg5 Bxg5 15.
Bxg5 Qxg5 16. f4 Qg6 17. cxd5 Bxd5 18. Qe2 Rad8 19. Rfd1 Qg3 20. Qf2 Qg6 21. Qe2
Qg3 22. Qf2 Qg6 1/2-1/2

[Event "World Blitz Women 2025"]
[Site "Doha QAT"]
[Date "2025.12.29"]
[Round "5.15"]
[White "Tarasenka, Aliaksandra"]
[Black "Ju, Wenjun"]
[Result "0-1"]
[WhiteTitle "WIM"]
[BlackTitle "GM"]
[WhiteElo "2266"]
[BlackElo "2565"]
[WhiteFideId "13514288"]
[BlackFideId "8603006"]
[EventDate "2025.12.29"]

1. e4 e6 2. d4 d5 3. Nc3 Nf6 4. Bg5 dxe4 5. Nxe4 Be7 6. Bxf6 gxf6 7. Qd3 f5 8.
Nc3 a6 9. g3 Nc6 10. O-O-O Bf6 11. d5 Ne5 12. Qe2 Qe7 13. f4 Nd7 14. Qd2 O-O 15.
Nf3 Nb6 16. Qe3 Bxc3 17. Qxc3 Nxd5 18. Qe5 Nf6 19. Bd3 Ng4 20. Qe2 Qc5 21. Rhe1
Bd7 22. Rd2 Bc6 23. h3 Nf6 24. g4 Be4 25. Ne5 Rad8 26. g5 Nd5 27. Bxe4 Nxf4 28.
Qh2 Qxe5 29. Rf2 Qa5 30. c3 Ng6 31. Bb1 Rd6 32. h4 Rfd8 33. h5 Ne7 34. g6 fxg6
35. hxg6 Nxg6 36. Rg2 R8d7 37. Qh5 Qa4 38. Bxf5 Qf4+ 0-1

[Event "World Blitz Women 2025"]
[Site "Doha QAT"]
[Date "2025.12.29"]
[Round "5.16"]
[White "Toncheva, Nadya"]
[Black "Lei, Tingjie"]
[Result "1/2-1/2"]
[WhiteTitle "FM"]
[BlackTitle "GM"]
[WhiteElo "2362"]
[BlackElo "2569"]
[WhiteFideId "2924056"]
[BlackFideId "8605114"]
[EventDate "2025.12.29"]

1. e4 e6 2. d4 d5 3. Nd2 c5 4. exd5 Qxd5 5. Ngf3 cxd4 6. Bc4 Qd6 7. O-O Nf6 8.
Nb3 Nc6 9. Nbxd4 Nxd4 10. Qxd4 Qxd4 11. Nxd4 Bd7 12. c3 Bc5 13. Nb3 Bd6 14. Rd1
Ke7 15. Bg5 Rhd8 16. Rd2 h6 17. Bxf6+ gxf6 18. Rad1 Ba4 19. Be2 b6 20. Bf3 Rac8
21. g3 f5 22. Rd4 Bb5 23. Rh4 Rh8 24. Nd4 Bd7 25. Nxf5+ exf5 26. Rhd4 Be6 27.
Rxd6 f4 28. R6d4 fxg3 29. hxg3 Rc5 30. Bg4 Bxg4 31. Rxg4 Rc7 32. Re4+ Kf6 33.
Rd6+ Kg7 34. Rg4+ Kh7 35. Kg2 Re7 36. Kf3 Rhe8 37. Rh4 Re6 38. Rxe6 Rxe6 39. Rd4
Re7 40. c4 Kg6 41. b4 Rc7 42. Ke3 Kf5 43. Rd5+ Ke6 44. Kd4 f5 45. a4 h5 46. Rd8
h4 47. Rh8 hxg3 48. Rh6+ Kd7 49. fxg3 Kc8 50. Kd5 Rg7 51. Kc6 Rc7+ 52. Kb5 Kb7
53. c5 bxc5 54. bxc5 Rg7 55. Rf6 Rxg3 56. Rf7+ Kb8 57. Rxf5 Kb7 58. Rf7+ Kb8 59.
Rd7 Ra3 60. Kc6 a6 61. Rd8+ Ka7 62. Rd7+ Kb8 63. Kb6 Kc8 64. Rd4 Rb3+ 65. Kxa6
Kc7 66. Ka5 Kc6 67. Rb4 Ra3 68. Rc4 Ra1 69. Ka6 Kd5 70. Rh4 Kxc5 71. a5 Kc6 72.
Rh6+ Kc7 73. Rh7+ Kb8 1/2-1/2

[Event "World Blitz Women 2025"]
[Site "Doha QAT"]
[Date "2025.12.29"]
[Round "5.17"]
[White "Pham, Le Thao Nguyen"]
[Black "Kosteniuk, Alexandra"]
[Result "1/2-1/2"]
[WhiteTitle "IM"]
[BlackTitle "GM"]
[WhiteElo "2348"]
[BlackElo "2483"]
[WhiteFideId "12401226"]
[BlackFideId "4128125"]
[EventDate "2025.12.29"]

1. d4 Nf6 2. Nf3 e6 3. Bf4 c5 4. e3 Nc6 5. c3 d5 6. Nbd2 Bd6 7. Bg3 c4 8. Ne5
Bxe5 9. dxe5 Nd7 10. Nf3 Qc7 11. Be2 O-O 12. O-O b5 13. e4 dxe4 14. Ng5 Ndxe5
15. Nxe4 f5 16. f4 Nd7 17. Ng5 Nf6 18. Bf3 h6 19. Nh3 Bb7 20. Qe2 Rae8 21. Rae1
Nd8 22. Bxb7 Nxb7 23. Bf2 Nd6 24. Bd4 Nde4 25. g3 a5 26. a3 Ng4 27. Qf3 Nd2 28.
Qe2 Nxf1 29. Rxf1 Qc6 30. Nf2 Nxf2 31. Qxf2 Rd8 32. Re1 Rd5 33. Qe3 Re8 34. h3
b4 35. axb4 axb4 36. cxb4 Red8 37. Bc3 Rd3 38. Qxe6+ Qxe6 39. Rxe6 Rxg3+ 40. Kf2
Rdd3 41. b5 Kf7 42. Rc6 Rxc3 43. bxc3 Rxc3 44. b6 Rb3 45. Rc7+ Kf6 46. b7 g5 47.
Rc6+ Kg7 48. Rc7+ Kg6 49. fxg5 hxg5 50. Kg2 f4 51. Kf2 c3 52. Ke2 Rb2+ 53. Kd3
c2 54. Kd2 f3 55. Rxc2 Rxb7 56. Ke3 Rf7 57. Kf2 Kh5 58. Kg3 Rf4 59. Rf2 Rf7 60.
Rxf3 1/2-1/2